000 00927nam a2200277 i 4500
001 14478
003 ES-MaACL
005 20240509163347.0
007 t|
008 990325s1961 sp a |||| |bspa d
080 _a929 Fugger, Jacob
100 1 _aSchick, Leon.
_9104336
245 1 0 _aJacobo Fucar
_b: un gran hombre de negocios del siglo XVI /
_cLeon Schick ; traducción del francés por Andre Boyer-Mas ; pórtico a la edición española por Miguel Mateu Pla.
260 _aMadrid :
_bAguilar,
_c1961.
300 _aXV, 456 p., [1] h. pleg. :
_bil. ;
_c20 cm.
490 1 _aColección literaria
500 _aÍndices.
504 _aBibliografía : p. 443-456.
600 1 4 _aFugger, Jacob.
_952981
700 1 _aBoyer-Mas, Andre.
_931191
700 1 _aMateu Pla, Miguel.
_979005
830 0 _aColección literaria (Aguilar)
_9236293
852 _aES-MaACL
_jF-638
942 _2udc
999 _c14478
_d14478